[Event "2025 Washington State Championship - Challengers"]
[Site "Lakeside Upper School, 14050 1st Avenue NE, Seattle, WA, USA"]
[Date "2025.02.08"]
[Round "1"]
[Board "2"]
[White "Kuhner, Mary"]
[Black "Pikh, Akim"]
[Result "*"]
[WhiteElo "1792"]
[BlackElo "1799"]
[PlyCount "107"]
[EventDate "2025.02.08"]
[EventRounds "9"]
[EventCountry "USA"]

1. e4 e5 2. Nf3 Nc6 3. Bc4 Bc5 4. c3 Nf6 5. d3 O-O 6. Bg5 h6 7. Be3 Bb6 8. Bb3 d5
9. Nbd2 Bg4 10. Bxb6 axb6 11. O-O Qd7 12. Re1 Rad8 13. Qc2 Rfe8 14. Rad1 d4 15. c4
Nb4 16. Qb1 Nh5 17. a3 Na6 18. Rc1 Nf4 19. Bd1 Nc5 20. Be2 Re6 21. Bf1 Qe7 22. b4
Na4 23. h3 Nc3 24. Qc2 Bxf3 25. Nxf3 Rg6 26. Kh2 Qf6 27. Ra1 h5 28. a4 h4 29. b5
Nxh3 30. Kxh3 Qf4 31. Qc1 Rg3+ 32. Kh2 Rxf3+ 33. Qxf4 Rxf4 34. f3 Ra8 35. Be2 Rxa4
36. Rxa4 Nxa4 37. Ra1 Nc3 38. Ra8+ Kh7 39. Bf1 c6 40. bxc6 bxc6 41. Re8 b5 42. cxb5
cxb5 43. Rxe5 Rf6 44. Re7 Rb6 45. Rxf7 b4 46. e5 Kg8 47. Rd7 b3 48. e6 Kf8 49. g3
hxg3+ 50. Kxg3 b2 51. Bh3 b1=Q 52. Bg4 Qg1+ 53. Kf4 Qh2+ 54. Kg5

[Event "2025 Washington State Championship - Challengers"]
[Site "Lakeside Upper School, 14050 1st Avenue NE, Seattle, WA, USA"]
[Date "2025.02.08"]
[Round "1"]
[Board "3"]
[White "Razmov, Gabriel"]
[Black "Hosford, Michael"]
[Result "1-0"]
[WhiteElo "1801"]
[BlackElo "1816"]
[PlyCount "0"]
[EventDate "2025.02.08"]
[EventRounds "9"]
[EventCountry "USA"]

1. d4 d6 2. Nc3 g6 3. e4 Bg7 4. Be3 a6 5. a4 b6 6. Bd3 e6 7. Qd2 Ne7 8. Nf3 h6 9.
O-O Bb7 10. Ne1 Nd7 11. f4 f5 12. d5 exd5 13. Nxd5 Nxd5 14. exd5 Bxb2 15. Rb1 Bg7
16. a5 O-O 17. axb6 cxb6 18. Qb4 Qc7 19. Nf3 b5 20. c4 Nc5 21. Bc2 a5 22. Qxb5 Ba6
23. Qb6 Qxb6 24. Rxb6 Bxc4 25. Rc1 Nd3 26. Bxd3 Bxd3 27. Rxd6 Be4 28. Ne5 g5 29.
Rc7 Rfc8 30. Rcd7 Rab8 31. Rg6 Rb1+ 32. Kf2 Rc2+ 33. Bd2 Rxd2+ 34. Ke3 Rxd5 35. Rgxg7+
Kf8 36. Ng6+ Ke8 37. Rge7#  1-0

[Event "2025 Washington State Championship - Challengers"]
[Site "Lakeside Upper School, 14050 1st Avenue NE, Seattle, WA, USA"]
[Date "2025.02.08"]
[Round "1"]
[Board "4"]
[White "Cheng, Selina"]
[Black "Bharathy Mohan, Aarav Sai"]
[Result "1/2-1/2"]
[WhiteElo "1661"]
[BlackElo "1606"]
[PlyCount "0"]
[EventDate "2025.02.08"]
[EventRounds "9"]
[EventCountry "USA"]

1. e4 c5 2. Nf3 d6 3. d4 cxd4 4. Nxd4 Nf6 5. Nc3 g6 6. Be3 Bg7 7. Be2 O-O 8. f3 Nc6
9. Qd2 d5 10. O-O-O Qa5 11. Nb3 Qd8 12. exd5 Ne5 13. g4 b6 14. Rhg1 Bb7 15. g5 Ne8
16. f4 Nd7 17. Ne4 Rc8 18. h4 e6 19. Ng3 Bxd5 20. Kb1 Nd6 21. h5 Qc7 22. c3 Ne4 23.
Nxe4 Bxe4+ 24. Ka1 Rfd8 25. Bd4 Nc5 26. Qe3 Nxb3+  1/2-1/2

[Event "2025 Washington State Championship - Challengers"]
[Site "Lakeside Upper School, 14050 1st Avenue NE, Seattle, WA, USA"]
[Date "2025.02.08"]
[Round "1"]
[Board "5"]
[White "Nallappa, Vijay"]
[Black "Ihsan, Mohamed N T"]
[Result "1-0"]
[WhiteElo "1748"]
[BlackElo "1650"]
[PlyCount "0"]
[EventDate "2025.02.08"]
[EventRounds "9"]
[EventCountry "USA"]

1. d4 Nf6 2. Nf3 e6 3. Bf4 d5 4. e3 Bd6 5. Nbd2 O-O 6. Bd3 h6 7. Ne5 c5 8. c3 Nc6
9. Qf3 Qc7 10. Nxc6 Bxf4 11. Qxf4 Qxc6 12. g4 Re8 13. g5 hxg5 14. Qxg5 Nh7 15. Bxh7+
Kxh7 16. Rg1 g6 17. Qf6 Qc7 18. Rg4 Qxh2 19. Qxf7+  1-0

[Event "2025 Washington State Championship - Challengers"]
[Site "Lakeside Upper School, 14050 1st Avenue NE, Seattle, WA, USA"]
[Date "2025.02.08"]
[Round "2"]
[Board "1"]
[White "Ramkumar, Nikhil"]
[Black "Ihsan, Mohamed N T"]
[Result "1-0"]
[WhiteElo "1676"]
[BlackElo "1650"]
[PlyCount "0"]
[EventDate "2025.02.08"]
[EventRounds "9"]
[EventCountry "USA"]

1. e4 c5 2. Nc3 e6 3. f4 d5 4. Nf3 Nc6 5. Bb5 d4 6. Ne2 Bd7 7. Bxc6 Bxc6 8. d3 Bd6
9. O-O Qc7 10. Qe1 O-O-O 11. c3 Qb6 12. Kh1 Be7 13. cxd4 cxd4 14. b3 f5 15. Ng3 Bb4
16. Bd2 Bxd2 17. Qxd2 Nh6 18. Ne5 Kb8 19. Rac1 Be8 20. h3 Rf8 21. b4 g6 22. Nc4 Qc7
23. e5 Nf7 24. Rc2 Ba4 25. Rb2 Bb5 26. Rc1 Rc8 27. Ne2 Rcd8 28. Nd6 Qd7 29. Rc8+
Rxc8 30. Nxc8 Kxc8 31. Qc2+ Kb8 32. Qc5 Bxd3 33. Nxd4 Be4 34. Rd2 b6 35. Qc3 h5 36.
Nxf5 Qb5 37. Ng3 Bd5 38. Rc2 Qd7 39. Ne2 Nd8 40. Nd4 Kb7 41. a4 a6 42. a5 Nc6 43.
Nxc6 Bxc6 44. Rd2 Bd5 45. axb6 Kxb6 46. Qc5+ Kb7 47. Rc2 Be4 48. Rc1 Bd5 49. Qd6
Bc6 50. Qxd7+ Bxd7 51. Rd1 Bc6 52. Rd6 Bd5 53. Kg1 Ka7 54. g4 Bc4 55. gxh5 gxh5 56.
Kf2 Kb7 57. Kg3 1-0

[Event "2025 Washington State Championship - Challengers"]
[Site "Lakeside Upper School, 14050 1st Avenue NE, Seattle, WA, USA"]
[Date "2025.02.08"]
[Round "2"]
[Board "2"]
[White "Bharathy Mohan, Aarav Sai"]
[Black "Nallappa, Vijay"]
[Result "1/2-1/2"]
[WhiteElo "1606"]
[BlackElo "1748"]
[PlyCount "0"]
[EventDate "2025.02.08"]
[EventRounds "9"]
[EventCountry "USA"]

1. e4 c6 2. d4 d5 3. exd5 cxd5 4. c4 Nf6 5. Nc3 Nc6 6. Nf3 e6 7. Bg5 Be7 8. Rc1 O-O
9. Be2 Ne4 10. Bxe7 Nxe7 11. O-O b6 12. Re1 Bb7 13. Bd3 Nf6 14. cxd5 Nexd5 15. Nxd5
Qxd5 16. b3 Rfd8 17. Qd2 Qd6 18. Be2 Nd5 19. Ne5 Ne7 20. Bf3 Bxf3 21. Nxf3 Nf5 22.
Red1 h6 23. h3 Qe7 24. Qf4 Rac8 25. Qe4 Rxc1 26. Rxc1 Qd6 27. Rd1 Ne7 28. Rc1 Nf5
29. Rd1 Rc8 30. Ne5 Rc3 1/2-1/2

[Event "2025 Washington State Championship - Challengers"]
[Site "Lakeside Upper School, 14050 1st Avenue NE, Seattle, WA, USA"]
[Date "2025.02.08"]
[Round "2"]
[Board "3"]
[White "Hosford, Michael"]
[Black "Cheng, Selina"]
[Result "1/2-1/2"]
[WhiteElo "1816"]
[BlackElo "1661"]
[PlyCount "0"]
[EventDate "2025.02.08"]
[EventRounds "9"]
[EventCountry "USA"]

1. a3 e5 2. Nc3 d5 3. d4 e4 4. Bf4 c6 5. Qd2 Bd6 6. Bg3 f5 7. e3 Nf6 8. Be2 Be6 9.
Nh3 Qc7 10. Bxd6 Qxd6 11. Nf4 Bf7 12. h4 Nbd7 13. g3 h6 14. h5 Nh7 15. O-O-O Ng5
16. g4 fxg4 17. Bxg4 Nf6 18. Be2 b5 19. Kb1 O-O 20. Rdg1 a5 21. Ng6 Rfb8 22. Ne5
b4 23. Na4 Be8 24. Ka2 Ne6 25. Ng4 Nxg4 26. Bxg4 Ng5 27. Rg3 Bd7 28. Bxd7 Qxd7 29.
Nc5 Qc7 30. Rhg1 Ra7 31. a4 Qd6 32. Qd1 Rf8 33. R1g2 Raf7 34. Qg1 Qf6 35. b3 Kh8
36. Qf1 Ra8  1/2-1/2

[Event "2025 Washington State Championship - Challengers"]
[Site "Lakeside Upper School, 14050 1st Avenue NE, Seattle, WA, USA"]
[Date "2025.02.08"]
[Round "2"]
[Board "4"]
[White "Pikh, Akim"]
[Black "Razmov, Gabriel"]
[Result "0-1"]
[WhiteElo "1799"]
[BlackElo "1801"]
[PlyCount "0"]
[EventDate "2025.02.08"]
[EventRounds "9"]
[EventCountry "USA"]

1. e4 e5 2. Nf3 Nc6 3. Bc4 Bc5 4. c3 Nf6 5. d4 exd4 6. O-O Nxe4 7. cxd4 d5 8. dxc5
dxc4 9. Qe2 Qe7 10. Qxc4 f5 11. Re1 Be6 12. Qb5 O-O-O 13. Nc3 Qxc5 14. Qxc5 Nxc5
15. Bg5 Rd3 16. Ne5 Nxe5 17. Rxe5 b6 18. Be3 Bd7 19. Bxc5 bxc5 20. Rxc5 Rd2 21. Rb1
Re8 22. Ra5 Kb7 23. Ra3 Re6 24. Ra5 Rb6 25. Rd5 Rxd5 26. Nxd5 Rd6 27. Ne3 f4 28.
Nc4 Rd4 29. b3 Be6 30. Kf1 Bxc4+ 31. bxc4+ Kc6 32. Ke2 Rxc4 33. Kd3 Ra4 34. Rb2 Kd5
35. f3 Ra3+ 36. Kd2 c5 37. Rc2 Kd4 38. Ke2 Re3+ 39. Kd2 c4 40. Kd1 c3 41. Rf2 Kd3
42. g3 fxg3 43. hxg3 a5 44. a4 Re6 45. f4 Re3 46. g4 Rg3 47. Rf1 Rxg4 48. Rf3+ Kc4
49. Kc2 Rg2+ 50. Kc1 Kb3 51. Rf1 Ra2 52. Kb1 c2+ 53. Kc1 Ra1+ 54. Kd2 Rxf1 0-1

[Event "2025 Washington State Championship - Challengers"]
[Site "Lakeside Upper School, 14050 1st Avenue NE, Seattle, WA, USA"]
[Date "2025.02.08"]
[Round "2"]
[Board "5"]
[White "Yondon, Odbayar"]
[Black "Kuhner, Mary"]
[Result "*"]
[WhiteElo "1806"]
[BlackElo "1792"]
[PlyCount "33"]
[EventDate "2025.02.08"]
[EventRounds "9"]
[EventCountry "USA"]

1. e4 c5 2. Nf3 e6 3. Nc3 a6 4. d4 cxd4 5. Nxd4 Qc7 6. Bd3 Nf6 7. O-O Bc5 8. Be3
b5 9. Bxb5 axb5 10. Ndxb5 Qb6 11. Bxc5 Qxc5 12. b4 Qc6 13. e5 Nd5 14. Nxd5 exd5 15.
Nd6+ Ke7 16. Qh5 Ba6 17. Qg5+

[Event "2025 Washington State Championship - Challengers"]
[Site "Lakeside Upper School, 14050 1st Avenue NE, Seattle, WA, USA"]
[Date "2025.02.09"]
[Round "3"]
[Board "2"]
[White "Razmov, Gabriel"]
[Black "Yondon, Odbayar"]
[Result "0-1"]
[WhiteElo "1801"]
[BlackElo "1806"]
[PlyCount "0"]
[EventDate "2025.02.08"]
[EventRounds "9"]
[EventCountry "USA"]

1. d4 Nf6 2. Bf4 d5 3. Nc3 e6 4. Nf3 Bd6 5. e3 Bxf4 6. exf4 Qd6 7. Qd2 Bd7 8. Ne5
a6 9. Be2 c5 10. dxc5 Qxc5 11. Rd1 Nc6 12. Nxd7 Nxd7 13. f5 O-O 14. Bd3 e5 15. O-O
Nf6 16. Be2 Rad8 17. g4 d4 18. Nb1 Nd5 19. Qg5 Nf4 20. Kh1 f6 21. Qh4 Nxe2 22. g5
fxg5 23. Qxg5 Nf4 24. Nd2 Qe7 25. Qg4 h5 26. Qg3 Rxf5 27. Ne4 Rdf8 28. Qb3+ Kh8 29.
Rg1 d3 30. Rxd3 Nd4 31. Rxd4 exd4 32. Ng3 Rg5 33. Qf3 Nh3  0-1

[Event "2025 Washington State Championship - Challengers"]
[Site "Lakeside Upper School, 14050 1st Avenue NE, Seattle, WA, USA"]
[Date "2025.02.09"]
[Round "3"]
[Board "3"]
[White "Cheng, Selina"]
[Black "Pikh, Akim"]
[Result "1-0"]
[WhiteElo "1661"]
[BlackElo "1799"]
[PlyCount "0"]
[EventDate "2025.02.08"]
[EventRounds "9"]
[EventCountry "USA"]

1. e4 e5 2. Nf3 Nc6 3. Bb5 a6 4. Ba4 Nf6 5. O-O Bc5 6. Nxe5 Nxe5 7. d4 b5 8. Bb3
Bxd4 9. Qxd4 d6 10. c3 Bb7 11. Bc2 c5 12. Qd1 Qc7 13. Qe2 O-O-O 14. f3 Rhe8 15. a4
bxa4 16. Bxa4 Re7 17. c4 Nfd7 18. Bxd7+ Qxd7 19. Nc3 Kb8 20. Nd5 Ree8 21. b4 Qc8
22. b5 Bxd5 23. cxd5 a5 24. Rxa5 Qb7 25. Qa2 Nd7 26. Bf4 Nb6 27. Ra1 Rd7 28. Ra6
f5 29. Qa5 Kc7 30. Ra7 Rb8 31. Rxb7+ Rxb7 32. e5 Kb8 33. e6 Rd8 34. e7 Re8 35. Bxd6+
Kc8 36. Bxc5 Nxd5?! 37. Qa8+ Rb8 38. Qxd5 Rb7 39. Ra8+ Kc7 40. Qd8+ Rxd8  1-0

[Event "2025 Washington State Championship - Challengers"]
[Site "Lakeside Upper School, 14050 1st Avenue NE, Seattle, WA, USA"]
[Date "2025.02.09"]
[Round "3"]
[Board "4"]
[White "Nallappa, Vijay"]
[Black "Hosford, Michael"]
[Result "0-1"]
[WhiteElo "1748"]
[BlackElo "1816"]
[PlyCount "0"]
[EventDate "2025.02.08"]
[EventRounds "9"]
[EventCountry "USA"]

1. d4 Nf6 2. Nf3 e6 3. Bf4 b6 4. e3 Bb7 5. Nbd2 Nh5 6. Bg5 Be7 7. Bxe7 Qxe7 8. c3
f5 9. Bd3 Nf6 10. Qc2 O-O 11. O-O-O d5 12. Ne5 c5 13. h3 c4 14. Be2 b5 15. g4 Ne4
16. Rdf1 Nc6 17. Ndf3 a5 18. Nxc6 Bxc6 19. Ne5 Qb7 20. Rhg1 b4 21. f3 b3 22. axb3
cxb3 23. Qd3 Nd6 24. Kd2 Bb5 25. Qb1 Bxe2 26. Kxe2 a4 27. Nd3 Nc4 28. Nb4 f4 29.
exf4 Rxf4 30. Rf2 Raf8 31. Rd1 Qc7 32. Nd3 R4f7 33. Nc5 Nd6 34. Qd3 Nc4 35. Rb1 Qg3
36. Nxa4 Rxf3 37. Qxf3 Rxf3 38. Rxf3 Qg2+ 39. Rf2 Qe4+  0-1

[Event "2025 Washington State Championship - Challengers"]
[Site "Lakeside Upper School, 14050 1st Avenue NE, Seattle, WA, USA"]
[Date "2025.02.09"]
[Round "3"]
[Board "5"]
[White "Ihsan, Mohamed N T"]
[Black "Bharathy Mohan, Aarav Sai"]
[Result "1/2-1/2"]
[WhiteElo "1650"]
[BlackElo "1606"]
[PlyCount "0"]
[EventDate "2025.02.08"]
[EventRounds "9"]
[EventCountry "USA"]

1. e4 c5 2. Nf3 d6 3. c3 Nf6 4. Be2 g6 5. O-O Bg7 6. Qc2 O-O 7. d4 Qc7 8. d5 Bg4
9. c4 Nbd7 10. Bf4 Nh5 11. Bg5 Nhf6 12. Nbd2 h6 13. Be3 Rae8 14. h3 Bxf3 15. Nxf3
e6 16. Bd3 a6 17. Qd2 exd5 18. exd5 h5 19. Bh6 Re7 20. Rae1 Rfe8 21. Rxe7 Rxe7 22.
Qg5 Ne5 23. Nxe5 Rxe5 24. Qd2 Qd8 25. Bxg7 Kxg7 26. f4 Re8 27. f5 Qe7 28. fxg6 fxg6
29. Qc2 Qe3+ 30. Kh1 Qg3 31. Qc3 Qe5 32. Qc2 Qg3 33. Rf3 Qg5 34. Kh2 Re5 35. Qf2
Re7 36. Qg3 Re5 37. Qf2 Re7 38. Kg1 Qc1+ 39. Bf1 Qg5 40. Qc2 Qe5 41. Bd3 Qe1+ 42.
Kh2 Qe5+ 43. g3 Qg5 44. Rf4 Nd7 45. h4 Qh6 46. Qf2 Qh8 47. a3 Qe8 48. b4 b6 49. Bf1
 1/2-1/2

[Event "2025 Washington State Championship - Challengers"]
[Site "Lakeside Upper School, 14050 1st Avenue NE, Seattle, WA, USA"]
[Date "2025.02.09"]
[Round "4"]
[Board "1"]
[White "Ramkumar, Nikhil"]
[Black "Bharathy Mohan, Aarav Sai"]
[Result "0-1"]
[WhiteElo "1676"]
[BlackElo "1606"]
[PlyCount "0"]
[EventDate "2025.02.08"]
[EventRounds "9"]
[EventCountry "USA"]

1. e4 c5 2. Nc3 g6 3. d4 b6 4. dxc5 bxc5 5. Qd5 Nc6 6. Qxc5 e6 7. Qe3 Bg7 8. Nf3
Nge7 9. Bb5 O-O 10. O-O Qa5 11. Bxc6 Nxc6 12. Bd2 Rb8 13. a3 Ba6 14. b4 Qc7 15. Rfe1
Rfc8 16. e5 Ne7 17. Nd4 d6 18. f4 dxe5 19. fxe5 Qc4 20. Rad1 Rd8 21. Bc1 Bb7 22.
Bb2 Nd5 23. Nxd5 Rxd5 24. Qf4 Qa2 25. Bc1 Rbd8 26. c3 Rxd4  0-1

[Event "2025 Washington State Championship - Challengers"]
[Site "Lakeside Upper School, 14050 1st Avenue NE, Seattle, WA, USA"]
[Date "2025.02.09"]
[Round "4"]
[Board "2"]
[White "Hosford, Michael"]
[Black "Ihsan, Mohamed N T"]
[Result "1-0"]
[WhiteElo "1816"]
[BlackElo "1650"]
[PlyCount "0"]
[EventDate "2025.02.08"]
[EventRounds "9"]
[EventCountry "USA"]

1. c4 Nf6 2. Nc3 g6 3. e4 d6 4. g3 c5 5. Bg2 Nc6 6. Nge2 Bg7 7. O-O O-O 8. d3 Re8
9. h3 Be6 10. Rb1 Rf8 11. a3 Qc8 12. Kh2 Ne8 13. b4 b6 14. f4 Rb8 15. f5 gxf5 16.
exf5 Bxf5 17. Bxc6 Bxh3 18. Bg2 Bg4 19. Qd2 Be5 20. Qg5+ Ng7 21. Nd5 Bd7 22. Nef4
f6 23. Qh4 Bxf4 24. Rxf4 h5 25. Bf3 Bf5 26. Be4 Bg4 27. Bb2 Re8 28. Rbf1 Ne6 29.
Rxg4+  1-0

[Event "2025 Washington State Championship - Challengers"]
[Site "Lakeside Upper School, 14050 1st Avenue NE, Seattle, WA, USA"]
[Date "2025.02.09"]
[Round "4"]
[Board "3"]
[White "Pikh, Akim"]
[Black "Nallappa, Vijay"]
[Result "1-0"]
[WhiteElo "1799"]
[BlackElo "1748"]
[PlyCount "0"]
[EventDate "2025.02.08"]
[EventRounds "9"]
[EventCountry "USA"]

1.e4 c6 2.d4 d5 3.exd5 cxd5 4.c4 Nf6 5.Nc3 e6 6.c5 Nc6 7.Nf3 Be7 8.a3 Ne4 9.Qc2 Nxc3
10.Qxc3 a5 11.Bf4 O-O 12.Bd3 b6 13.cxb6 Qxb6 14.O-O Ba6 15.Rac1 Rfc8 16.Bxa6 Qxa6
17.Qe3 a4 18.Rc3 Na5 19.Rfc1 Nb3 20.R1c2 Bd8 21.Ne5 Ba5 22.Rxc8+ Rxc8 23.Qd3 Qa8
24.Rxc8+ Qxc8 25.h3 f6 26.Nf3 Qc4 27.Qxc4 dxc4 28.Kf1 c3 29.bxc3 Bxc3 30.Ke2 Bb2
31.Bd6 Na5 32.Kd3 Kf7 33.Ne1 Ke8 34.Bb4 Nb3 35.Nc2 Kd7 36.Bc3 Nc1+ 37.Kd2 Nb3+ 38.Kd3
Nc1+ 39.Kc4 Bxc3 40.Kxc3 Ne2+ 41.Kb4 Nf4 42.Ne3 Nd3+ 43.Kxa4 Nxf2 44.Kb5 Kc7 45.a4
h5 46.d5 exd5 47.Nxd5+ Kb7 48.Nf4 h4 49.Ng6 Nd3 50.Nxh4 Nf4 51.Nf5 g6 52.Ne3 Ne6
53.Kc4 Kc6 54.g3 f5 55.Nd5 1-0

[Event "2025 Washington State Championship - Challengers"]
[Site "Lakeside Upper School, 14050 1st Avenue NE, Seattle, WA, USA"]
[Date "2025.02.09"]
[Round "4"]
[Board "4"]
[White "Yondon, Odbayar"]
[Black "Cheng, Selina"]
[Result "1-0"]
[WhiteElo "1806"]
[BlackElo "1661"]
[PlyCount "0"]
[EventDate "2025.02.08"]
[EventRounds "9"]
[EventCountry "USA"]

1. e4 e5 2. Nf3 Nc6 3. Nc3 Nf6 4. d4 exd4 5. Nxd4 Bb4 6. Nxc6 dxc6 7. Qxd8+ Kxd8
8. Bd3 Be6 9. Bd2 Ke7 10. f4 g6 11. a3 Bc5 12. Na4 Bb6 13. Bb4+ Ke8 14. Bc3 Ke7 15.
Nxb6 cxb6 16. f5 Bd7 17. O-O Rhf8 18. Rad1 Rae8 19. Rd2 gxf5 20. exf5 Nd5 21. Bg7
Rg8 22. f6+ Kd8 23. Bxh7 Ne3 24. Rf4 Nd5 25. Rfd4 Re1+ 26. Kf2 Rge8 27. c4 Kc8 28.
cxd5 cxd5 29. Rxd5 Bc6 30. Rd8+ Rxd8 31. Rxd8+ Kxd8 32. Kxe1 Bxg2 33. h4 Bf3 34.
Kf2 Bh5 35. Be4 Kc7 36. Bf8 b5 37. Kg3 b6 38. Kf4 Kd7 39. Bd5 a5 40. Kg5 Bg6 41.
h5 1-0  1-0

[Event "2025 Washington State Championship - Challengers"]
[Site "Lakeside Upper School, 14050 1st Avenue NE, Seattle, WA, USA"]
[Date "2025.02.15"]
[Round "5"]
[Board "1"]
[White "Razmov, Gabriel"]
[Black "Ramkumar, Nikhil"]
[Result "1/2-1/2"]
[WhiteElo "1801"]
[BlackElo "1676"]
[PlyCount "48"]
[EventDate "2025.02.08"]
[EventRounds "9"]
[EventCountry "USA"]

1. c4 Nf6 2. g3 c6 3. Bg2 d5 4. Nf3 g6 5. Ne5 Bg7 6. O-O O-O 7. d4 Nbd7 8. f4 dxc4
9. Nxc4 c5 10. d5 b5 11. Nca3 a6 12. e4 Nb6 13. Be3 Nfd7 14. e5 Bb7 15. Nc2 Rc8 16.
Nc3 f5 17. Bf2 Nb8 18. Ne3 Qd7 19. Qd2 Rfd8 20. Rad1 b4 21. Ne2 a5 22. Qc2 Qb5 23.
Kh1 a4 24. b3 Rd7  1/2-1/2

[Event "2025 Washington State Championship - Challengers"]
[Site "Lakeside Upper School, 14050 1st Avenue NE, Seattle, WA, USA"]
[Date "2025.02.15"]
[Round "5"]
[Board "3"]
[White "Yondon, Odbayar"]
[Black "Nallappa, Vijay"]
[Result "0-1"]
[WhiteElo "1806"]
[BlackElo "1748"]
[PlyCount "180"]
[EventDate "2025.02.08"]
[EventRounds "9"]
[EventCountry "USA"]

1. e4 c6 2. d4 d5 3. exd5 cxd5 4. Bd3 Nc6 5. c3 Nf6 6. h3 g6 7. Bf4 Bf5 8. Bxf5 gxf5
9. Nf3 Ne4 10. Ne5 Nxe5 11. Bxe5 Rg8 12. O-O e6 13. f3 Ng3 14. Re1 Bh6 15. c4 Kf8
16. cxd5 Qxd5 17. Qa4 Nh5 18. Kh1 Nf4 19. Nc3 Qd8 20. Qb4+ Ke8 21. Qxb7 Qc8 22. Qxc8+
Rxc8 23. Bxf4 Bxf4 24. Nd5 Bg5 25. f4 Bh4 26. Re2 Kf8 27. Nc3 Rd8 28. Rd1 Bg3 29.
d5 Rg6 30. dxe6 Rxd1+ 31. Nxd1 Rxe6 32. Nc3 Bxf4 33. Kg1 Bg3 34. Kf1 Ke7 35. Nd5+
Kd6 36. Ne3 Kc5 37. Nxf5 Rf6 38. Rc2+ Kb6 39. Ke2 Rxf5 40. Ke3 Ra5 41. Kf3 Be5 42.
b3 Rc5 43. Rd2 f6 44. Kg4 h5+ 45. Kf3 h4 46. Kg4 Bg3 47. Kf3 f5 48. Ke2 Kb5 49. Kd1
Kb4 50. Ke2 Kc3 51. Rd7 a5 52. Kf3 Kb2 53. Ra7 Rb5 54. Ra6 Ka3 55. Ra7 Rc5 56. Ra6
Be1 57. Ke2 Re5+ 58. Kf3 Kxa2 59. b4 Bxb4 60. Kf4 Rc5 61. g4 Bd2+ 62. Kf3 fxg4+ 63.
Kxg4 Be1 64. Re6 Bg3 65. Rb6 a4 66. Rb4 a3 67. Rb7 Rc3 68. Rb5 Ka1 69. Rb4 a2 70.
Kh5 Rc5+ 71. Kg4 Rc2 72. Rb5 Rb2 73. Rd5 Kb1 74. Rd1+ Kc2 75. Ra1 Kc3 76. Kf3 Rb1
77. Rxb1 axb1=Q 78. Kg2 Qc2+ 79. Kf3 Qf2+ 80. Kg4 Qf4+ 81. Kh5 Qf5+ 82. Kh6 Bf4+
83. Kg7 Qxh3 84. Kg6 Qg4+ 85. Kf6 h3 86. Kf7 h2 87. Kf6 h1=Q 88. Kf7 Qh6 89. Ke8
Qgg7 90. Kd8 Qhh8#  0-1

[Event "2025 Washington State Championship - Challengers"]
[Site "Lakeside Upper School, 14050 1st Avenue NE, Seattle, WA, USA"]
[Date "2025.02.15"]
[Round "5"]
[Board "4"]
[White "Ihsan, Mohamed N T"]
[Black "Pikh, Akim"]
[Result "1-0"]
[WhiteElo "1650"]
[BlackElo "1799"]
[PlyCount "91"]
[EventDate "2025.02.08"]
[EventRounds "9"]
[EventCountry "USA"]

1. e4 e5 2. Nf3 Nc6 3. c3 d5 4. Qa4 f6 5. Bb5 Nge7 6. O-O Bg4 7. Nxe5 fxe5 8. exd5
Qxd5 9. Bxc6+ Nxc6 10. Qxg4 Bd6 11. Qh5+ g6 12. Qh3 O-O 13. d3 Rf5 14. Qe3 Raf8 15.
Qe2 Nd8 16. Nd2 Ne6 17. Ne4 Re8 18. Be3 Be7 19. Rad1 Rf7 20. f3 Qb5 21. Qc2 c5 22.
Qe2 Bh4 23. Rd2 Rd7 24. Rfd1 Be7 25. g3 Rf8 26. Nf2 Bg5 27. Ne4 Be7 28. Qf2 Rfd8
29. d4 cxd4 30. cxd4 exd4 31. Bxd4 Nxd4 32. Rxd4 Rxd4 33. Rxd4 Rf8 34. Kg2 Qf5 35.
Qe2 Qe5 36. Qe3 Kg7 37. Qc3 Rf7 38. f4 Qh5 39. Rd5+ Bf6 40. Nxf6 Qe2+ 41. Kg1 Rxf6
42. Rd7+ Kh6 43. Qxf6 Qe3+ 44. Kg2 Qe2+ 45. Kh3 Qf1+ 46. Kh4  1-0

[Event "2025 Washington State Championship - Challengers"]
[Site "Lakeside Upper School, 14050 1st Avenue NE, Seattle, WA, USA"]
[Date "2025.02.15"]
[Round "5"]
[Board "5"]
[White "Bharathy Mohan, Aarav Sai"]
[Black "Hosford, Michael"]
[Result "1-0"]
[WhiteElo "1606"]
[BlackElo "1816"]
[PlyCount "69"]
[EventDate "2025.02.08"]
[EventRounds "9"]
[EventCountry "USA"]

1. e4 g6 2. d4 Bg7 3. Nf3 d6 4. c3 Nd7 5. Bc4 e6 6. h3 Ne7 7. Be3 h6 8. Qc2 b6 9.
b4 Bb7 10. Nbd2 a6 11. a4 O-O 12. O-O g5 13. Nh2 e5 14. Bb3 Ng6 15. Qd1 Qe7 16. Qc2
Nf6 17. f3 Nf4 18. Rae1 N6h5 19. Bf2 Kh8 20. Ng4 Bc8 21. Nc4 f5 22. exf5 Bxf5 23.
Qd2 b5 24. axb5 axb5 25. Nb2 Ra3 26. Bc2 Qe6 27. dxe5 dxe5 28. Nxe5 Bxc2 29. Qxc2
Bxe5 30. Rxe5 Qb3 31. Qb1 Qxc3 32. Re7 Nf6 33. Rd1 Qxb4 34. Rdd7 Nd3 35. Bd4  1-0

[Event "2025 Washington State Championship - Challengers"]
[Site "Lakeside Upper School, 14050 1st Avenue NE, Seattle, WA, USA"]
[Date "2025.02.15"]
[Round "6"]
[Board "1"]
[White "Ramkumar, Nikhil"]
[Black "Hosford, Michael"]
[Result "1-0"]
[WhiteElo "1676"]
[BlackElo "1816"]
[PlyCount "20"]
[EventDate "2025.02.08"]
[EventRounds "9"]
[EventCountry "USA"]

1. e4 Nc6 2. Nf3 e6 3. d4 d5 4. e5 f6 5. Bd3 Qd7 6. O-O Qf7 7. Re1 Bd7 8. c3 Qh5
9. Nbd2 fxe5 10. dxe5 Bc5 11. b4 Bb6 12. Nf1 h6 13. a4 a6 14. Qc2 Nge7 15. Ba3 g5
16. b5 Na5 17. Bxe7 Kxe7 18. c4 dxc4 19. Bg6 Qg4 20. Re4 1-0

[Event "2025 Washington State Championship - Challengers"]
[Site "Lakeside Upper School, 14050 1st Avenue NE, Seattle, WA, USA"]
[Date "2025.02.15"]
[Round "6"]
[Board "2"]
[White "Pikh, Akim"]
[Black "Bharathy Mohan, Aarav Sai"]
[Result "1-0"]
[WhiteElo "1799"]
[BlackElo "1606"]
[PlyCount "127"]
[EventDate "2025.02.08"]
[EventRounds "9"]
[EventCountry "USA"]

1. e4 c5 2. Nc3 g6 3. d4 cxd4 4. Qxd4 Nf6 5. Nf3 Nc6 6. Qa4 d6 7. e5 dxe5 8. Nxe5
Bd7 9. Nxd7 Qxd7 10. Be3 Bg7 11. Rd1 Qc8 12. Bc4 O-O 13. O-O Ne5 14. Be2 h5 15. Bd4
Nc6 16. Bc5 Qf5 17. Qa3 Rfe8 18. f3 e5 19. Nb5 Red8 20. Nd6 Rxd6 21. Bxd6 Nd4 22.
Bd3 Qe6 23. Rfe1 Ne8 24. Bc5 Nc6 25. Be4 Nc7 26. Rd6 Qe8 27. Bxc6 bxc6 28. Rd3 Nd5
29. c4 Nf4 30. Rdd1 Qc8 31. Be3 Ne6 32. Qa4 Qb7 33. b3 Qc7 34. Rd3 e4 35. fxe4 Re8
36. Red1 Be5 37. h3 Bf4 38. Qxa7 Qe5 39. Bf2 Qxe4 40. Qd7 Rd8 41. Qxd8+ Nxd8 42.
Rxd8+ Kg7 43. a4 Be3 44. R8d3 Bxf2+ 45. Kxf2 Qf4+ 46. Kg1 Qe5 47. Rf1 Qc7 48. Kh1
Kh6 49. Rf6 Qe7 50. Rdf3 Qe1+ 51. Rf1 Qb4 52. R6f3 f5 53. Ra1 Qa5 54. c5 Qxc5 55.
a5 Qe5 56. Rff1 Qe3 57. a6 Qa7 58. Rfc1 f4 59. Rc3 Qd4 60. a7 Qxc3 61. a8=Q f3 62.
Qf8+ Kg5 63. h4+ Kg4 64. Qxf3+  1-0